000 00821nam a22001937a 4500
999 _c16269
_d16269
003 AR-CdUCM
008 190502b ||||| |||| 00| 0 spa d
040 _aMUNICIPALIDAD PROVINCIAL DEL CUSCO
_cBIBLIOTECA MUNICIPAL DEL CUSCO
082 _a353.64 /
_bH11
100 _aHecht, Karl.
_935615
245 _a¿Qué hacemos por nuestra salud? :
_bInformación sobre la salud pública en la RDA /
260 _aBerlín :
_bPanorama DDR,
_c1976.
300 _a63 paginas ;
_bIlustraciones,
_c20 cm.
505 _aContenido :La salud publica socialista --Prevenir es mejor que curar --El servicio sanitario en las empresas socialistas --Nuevo perfil de de la investigación medica /
650 _aAdministración de la salud pública
_935616
650 _aAlemania
_91327
942 _2ddc
_cLIBROS
945 _arjall
_d2019-05-02